000 01288nam a22003017i 4500
003 OSt
005 20211126013322.0
008 211126q2021 ck ade gr 000 0 spa d
020 _a9789585852594
040 _aCO-PeBPR
_bspa
_cCO-PeBPR
_erda
041 _aspa
082 0 4 _a658.542
_bC647i
110 2 _952571
_aInnovative Education: Services and Solutions S. A. S.
_eautor
245 0 0 _aCloudLabs. Industrial
_bguía docente
_cInnovative Education: Services and Solutions S. A. S.
246 _aIngeniería para la industria
264 0 1 _aPereira
_bInnovative Education: Services and Solutions S. A. S.
_c[2021]
300 _a401 páginas
_bilustraciones, gráficas, planos
_c30 cm
336 _atexto
_btxt [
_2rdacontent]
337 _asin mediación
_bn
338 _2rdacarrier
_bnc
490 _aCloudLabs
650 0 _949867
_aSimuladores (Tecnologia)
_vIngeniería
_xEnseñanza
650 0 _951716
_aAutomatización Industrial
_xEnseñanza
650 0 _952573
_aSensores Digitales
_xDesarrollo de Laboratorios
650 0 _952574
_aSensores Análogos
_xDesarrollo de Laboratorios
830 _952479
_aDepósito Legal - Sala de Patrimonio Bibliográfico y Documental de Risaralda
942 _2ddc
_cBK
_h658.542 C647i G. D.
_k658.542
_mC647i G. D.
999 _c16323
_d16323